• 首页
  • 本馆介绍
  • 公告通知
  • 最新文献
  • 馆藏检索
  • 电子资源
  • 读者导购
  • 参考咨询
  • 我的图书馆
  • 登录
  • 详细信息显示
  • 放入我的书架
  • 预约/预借图书
  • 作者相关作品
  • 分类相关作品
  • 丛书相关作品
  • 出版社相关作品

书目信息

  • 表格格式
  • 工作单格式
  • 卡片格式
题名:
中国名舰春秋
    
 
作者: 沈顺根 , 钱秀贞 编著
分册:  
出版信息: 北京   海潮出版社  2000.01
页数: 323页
开本: 32开
丛书名:
单 册:
中图分类: E296.53
科图分类:
主题词: 军事史--中国 , 军用船--军事史--中国 , 战争史--中国
电子资源:
ISBN: 7-80151-270-7
000 00665nam0 2200229 45
001 0204231433
005 20031219104055.1
010    @a7-80151-270-7@dCNY18.00
100    @a20020423d2000 km y0chiy0120 ea
101 0  @achi
105    @a z 000yy
200 1  @a中国名舰春秋@AZhong Guo Ming Jian Chun Qiu@f沈顺根,钱秀贞编著@FShen Shun Gen,Qian Xiu Zhen Bian Zhu
210    @a北京@c海潮出版社@d2000.01
215    @a323页@d32开
606 0  @a军事史@x中国
606 0  @a军用船@x军事史@y中国
606 0  @a战争史@x中国
690    @aE296.53@v4
701    @a沈顺根@4编著
701  0 @a钱秀贞@4编著
801    @aCN@bTSTC@c20020423
905    @b308931-935@dE296.53@e44@f5
    
    中国名舰春秋/沈顺根,钱秀贞编著.-北京:海潮出版社,2000.01
    323页;32开
    
    
    ISBN 7-80151-270-7:CNY18.00
    
●
相关链接 在E读中查询图书 在五车中查询图书 在当当中查询图书 在豆瓣中查询图书


正题名:中国名舰春秋     索取号:E296.53/44         预约/预借

序号 登录号 条形码 馆藏地/架位号 状态 备注
1 0308931   203089317   第一借阅区/ [索取号:E296.53/44] 在馆    
2 0308932   203089326   第一借阅区/ [索取号:E296.53/44] 在馆    
3 0308933   203089335   第一借阅区/ [索取号:E296.53/44] 在馆    
4 0308934   203089344   第一借阅区/ [索取号:E296.53/44] 在馆    
5 0308935   203089353   第一样本阅览室/ [索取号:E296.53/44] 在馆    
唐山师范学院图书馆 欢迎您!
大连网信软件有限公司© 版权所有